| 000 | 00495nam a2200169Ia 4500 | ||
|---|---|---|---|
| 003 | GCL | ||
| 008 | 140319s9999 xx 000 0 ara d | ||
| 040 |
_aGCL / _cGCL |
||
| 082 | 0 | 4 |
_a920 _bر ص |
| 100 | 1 | _aرجا شحادة | |
| 245 | 1 | 0 |
_aصامد: يوميات صامدة فى فلسطين المحتلة / _cرجا شحادة |
| 300 | _a178 ص | ||
| 490 | _a | ||
| 650 | 0 | 4 | _aالنزاع العربى الاسرائيلى |
| 650 | 0 | 4 | _aالصهيونية، اليهود |
| 942 |
_2ddc _cBK |
||
| 999 |
_c38482 _d38482 |
||